Регионална библиотека "Любен Каравелов" - Русе

Всичко си има цена (Запис номер 45805)

MARC детайли
000 -Лидер
Контролно поле с фиксирана дължина 01209nam a2200325 c 4500
003 - Код на организацията, давaща контролен номер
Контролно поле BLK
005 - Дата и час на последна редакция
Контролно поле 20250617120520.0
008 - Елементи от данни с фиксирана дължина
fixed length control field 180408b bul|||||r ||||||| ||bul||
010 ## - Наследен системен номер
LC control number KNG00049604000
040 ## - Източник на каталожния запис
Идентификатор на билиотеката - собственик на записа BLK
041 ## - Код за език
Код за езика на текст/звукозапис или на отделно заглавие Български
Код за езика КДБФ Български
080 ## - УДК
Текстов определител УДК Английска литература
УДК код - определител по УДК 821.111
УДК определител -312.4
УДК - код + определител 821.111-312.4
100 1# - Редна дума - Автор
Автор Чейс, Джеймс Хадли
Авторска отговорност първи автор
R(LIN) 241644
139 ## - Редно поле
Редна дума Чейс, Джеймс Хадли
Авторски знак Че - Ч 49
245 10 - Сведения за заглавието
Заглавие Всичко си има цена
Подзаглавни данни Кримин. роман
Редно поле (дума) Джеймс Хадли Чейс; прев. от англ. Димитър Божанов.
257 ## - Страна на издаване
Страна на създаване/издаване Великобритания
260 ## - Област на издателските данни
-- София
Име на издателя, разпространителя и проч. Петриков
Година на издаване 1993
300 ## - Физическа характеристика
Страници 227 с.
Размери/Мащаб 17 см
380 ## - Жанр
Жанр Худож. лит.
490 1# - СЕРИИ (Колекции)
Име на серия Библиотека Крайм
№: серия 10
500 ## - Общи забележки
Забележка Ориг. загл. There's Always a Price Tag / James Hadley Chase. - 15 080 тир.
653 ## - Ключова дума – ненормативна
Ключова дума крими
700 1# - Други автори (авторска отговорност)
Лично име Божанов, Димитър
Автороска отговорност (Описва отношението между автора и произведението) прев. от англ.
9 (RLIN) 248528
852 ## - Местоположение
Форматна сигнатура Цб І 26648
856 4# - Електронен адрес и достъп
Електронен формат pdf - файл
Път до файла /url/
856 4# - Електронен адрес и достъп
Електронен формат pdf - файл
Път до файла /url/
942 ## - АРТИКУЛИ
Вид на библиотечния материал Книги
Скрит в OPAC Не
Koha issues (borrowed), all copies 5
944 ## - СЪЗДАВАНЕ И РЕДАКЦИЯ на ЗАПИСА
Създаване/Редакция Създаване
Дата на регистрацията/редакция 22.04.2005
Служител, извършил регистрацията/редакцията 30530
Статус, дата на статуса Минев Младен
944 ## - СЪЗДАВАНЕ И РЕДАКЦИЯ на ЗАПИСА
Създаване/Редакция Редакция
Дата на регистрацията/редакция 01.03.2007
Служител, извършил регистрацията/редакцията
999 ## - СИСТЕМНИ КОНТРОЛНИ НОМЕРА
Koha biblionumber 45805
Koha biblioitemnumber 45805
Наличности
Код за отписване Код за изгубен артикул Код за повреда Коз за рестрикции Код за отдаване Артикулен № Име на библиотеката - собственик Име на библиотеката, в която се намира в момента Статус (Текущо местоположение) Дата на вписване в системата Местоположение - отдел Цена в лева Инвентарен номер Систематично азбучна сигнатура Баркод Номер на екземпляра Цена в евро Служебна бележка Служебен тип на артикула Източник на класификационната схема
Изтеглен Не е изгубен Не е повреден без рестрикции заемане за дома 72119 Регионална библиотека "Любен Каравелов" Русе Регионална библиотека "Любен Каравелов" Русе Заемна - подръчен фонд 2005-04-22 Заемна - подръчен фонд 1.50 120000693477 П 820-31/Ч 49 120000693477 1 0.77 Дост: Pk Вид: Ф N: 7 Дата: 21.04.2005 Дата инв: 14.02.2018 Бележки инв: П2018 Книги  
  Не е изгубен Не е повреден без рестрикции ползва се в читалня 72120 Регионална библиотека "Любен Каравелов" Русе Регионална библиотека "Любен Каравелов" Русе Хранилище 1993-01-01 Хранилище 0.60 582332 Цб І 26648 120000582332 2 0.31 Дост: Dp Вид: Д N: стар фонд Дата: 01.01.1993 Книги Universal Decimal Classification
  Не е изгубен Не е повреден без рестрикции заемане за дома 72121 Регионална библиотека "Любен Каравелов" Русе Регионална библиотека "Любен Каравелов" Русе Заемна - подръчен фонд 2007-01-10 Заемна - подръчен фонд 1.50 120000708405 П 820-31/Ч 49 120000708405 3 0.77 Дост: DA Вид: А N: 1 Дата: 05.01.2007 Дата инв: 14.02.2018 Бележки инв: П2018 Книги  
Vip Innovations Ltd, Rousse, Bulgaria 2025